Von Minecraft vorgestellte Server - Statistiken

Allgemein
  • Dieses Quiz wurde 19 mal gespielt
  • Das Durchschnittsergebnis liegt bei 3 aus 8
Antwortstatistiken
Current/Former Servers % Korrekt
Current The Hive
88%
Current CubeCraft
56%
Former Mineplex
50%
Current Enchanted Dragons
31%
Current Galaxite
31%
Current Lifeboat
31%
Current Mineville
25%
Former Pixel Paradise
19%
Keine übereinstimmenden Quizze gefunden
Verteilung der Resultate
Anzahl Personen mit jedem Resultat
Perzentil nach korrekt beantworteten Fragen
Ihre Resultats-Entwicklung
Sie haben dieses Quiz noch nicht gespielt